Ont-ils déjà joué avec... Vincent Cassel ? - Statistiques

Statistiques générales
  • Ce quiz a été pris 13 fois
  • Le résultat moyen est 2 sur 10
Answers on the Grid
Answers color-coded by a green-red scale on the quiz's grid according to % correct below.
Emmanuelle Béart
Daniel Day-Lewis
Liam Neeson
Mathilde Seigner
Kate Winslet
Jean-Marie Bigard
Jean-Pierre Marielle
Jean-Luc Bideau
Isabelle Adjani
Adèle Exarchopoulos
Booder
Charlotte Rampling
Jean-Pierre Bacri
Alban Ivanov
André Dussollier
Sandrine Kiberlain
Simon Pegg
Michael Madsen
Diane Kruger
Gwyneth Paltrow
 
Statistiques - réponses
Réponse % Correct
Diane Kruger
36%
Isabelle Adjani
36%
Jean-Luc Bideau
27%
André Dussollier
18%
Alban Ivanov
9%
Gwyneth Paltrow
9%
Jean-Pierre Marielle
9%
Sandrine Kiberlain
9%
Simon Pegg
9%
Michael Madsen
0%
Aucun quiz correspondant
Distribution des résultats
% des personnes avec chaque résultat
Percentile par nombre de réponses
Votre historique - résultats
Vous n’avez pas pris ce quiz